Crucibles: The Story of Chemistry (Record no. 640)

MARC details
000 -LEADER
fixed length control field 00310nam a2200109 4500
008 - FIXED-LENGTH DATA ELEMENTS--GENERAL INFORMATION
fixed length control field 160623b xxu||||| |||| 00| 0 eng d
100 ## - MAIN ENTRY--PERSONAL NAME
9 (RLIN) 803
Personal name Jaffe, B
245 ## - TITLE STATEMENT
Title Crucibles: The Story of Chemistry
260 ## - PUBLICATION, DISTRIBUTION, ETC. (IMPRINT)
Place of publication, distribution, etc. N.Y
Name of publisher, distributor, etc. Fawcett World Library
Date of publication, distribution, etc. 1957
300 ## - PHYSICAL DESCRIPTION
Extent Crucibles: The Story of Chemistry
942 ## - ADDED ENTRY ELEMENTS (KOHA)
Source of classification or shelving scheme Dewey Decimal Classification
Koha item type BOOK
Holdings
Withdrawn status Lost status Source of classification or shelving scheme Damaged status Not for loan Home library Current library Shelving location Date acquired Total Checkouts Full call number Barcode Date last seen Price effective from Koha item type
    Dewey Decimal Classification     Good Samaritan School Library Good Samaritan School Library FICTION 06/23/2016   823 JAF1428 06/23/2016 06/23/2016 BOOK

Powered by Koha